Metódy odpisovania a možnosti ich využitia v praxi bakalárska práca

Salvato in:
Dettagli Bibliografici
Autore principale: Šúň, Roman
Ente Autore: Fakulta hospodárskej informatiky EU. Katedra účtovníctva a audítorstva
Altri autori: Zeleníková, Katarína
Natura: Libro
Lingua:slovacco
Pubblicazione: Bratislava 2012
Tags: Aggiungi Tag
Nessun Tag, puoi essere il primo ad aggiungerne!!

MARC

LEADER 00000nbm a2200000 4500
001 0156406
005 20161109111958.8
041 0 |a slo 
044 |a SK 
245 1 0 |a Metódy odpisovania a možnosti ich využitia v praxi  |b bakalárska práca  |c Roman Šúň ; školiteľ: Katarína Zeleníková 
264 1 |a Bratislava  |c 2012 
300 |a 43 s. 
100 1 |a Šúň, Roman 
700 1 |a Zeleníková, Katarína 
710 2 |a Fakulta hospodárskej informatiky EU. Katedra účtovníctva a audítorstva